000 00283nam a2200097Ia 4500
001 1250497
005 20251031150857.0
008 251031s9999 xx 000 0 und d
245 0 _cİBNİ RÜŞD
_aG-5 İLİM ANA VATANIMIZDIR CEHALET İSE YABANCI BİR YER
260 _bDESTEK YAYINLARI
999 _c1250497
_d1250497